Normal view MARC view

Entry Nombre personal

Number of records used in: 5

001 - NÚMERO DE CONTROL

  • campo de control: 170252

003 - IDENTIFICADOR DE NÚMERO DE CONTROL

  • campo de control: SpMaBN

005 - FECHA Y HORA DE LA ÚLTIMA TRANSACCIÓN

  • campo de control: 20250813231806.0

008 - ELEMENTOS DE DATO DE LONGITUD-FIJA

  • campo de control de longitud fija: 990201nn ainnnaabn a aaa

016 ## - NÚMERO DE CONTROL DE UNA AGENCIA BIBLIOGRÁFICA NACIONAL

  • Número de control del registro: BNE20000542977

024 7# - IDENTIFICADOR DE OTROS ESTÁNDARES

  • Número estándar o código: http://www.wikidata.org/entity/Q62665495
  • Fuente: wikidata

024 7# - IDENTIFICADOR DE OTROS ESTÁNDARES

  • Número estándar o código: http://viaf.org/viaf/204713430/
  • Fuente: viaf

040 ## - FUENTE DE CATALOGACIÓN

  • Centro catalogador/agencia de origen: SpMaBN
  • Lengua de catalogación: spa
  • Centro/agencia transcriptor: SpMaBN
  • Normas de descripción: rdc
  • Convención/Normas de encabezamiento de materia/tesauro: embne

046 ## - FECHAS CON CODIFICACIÓN ESPECIAL

  • Fecha de nacimiento: 1842
  • Fecha de la muerte: 1919

100 1# - ENCABEZAMIENTO-NOMBRE DE PERSONA

  • Nombre de persona: Sitges, Juan B.,
  • Fechas asociadas al nombre: 1842-1919

375 ## - GÉNERO/SEXO

  • Género: Masculino

400 1# - TRAZADO DE VÉASE--NOMBRE DE PERSONA

  • Nombre de persona: Sitges, J. B.,
  • Fechas asociadas al nombre: 1842-1919

400 1# - TRAZADO DE VÉASE--NOMBRE DE PERSONA

  • Nombre de persona: Sitges i Grifoll, Joan Blai,
  • Fechas asociadas al nombre: 1842-1919

400 1# - TRAZADO DE VÉASE--NOMBRE DE PERSONA

  • Nombre de persona: Sitges Grifoll, Joan Blai,
  • Fechas asociadas al nombre: 1842-1919

400 1# - TRAZADO DE VÉASE--NOMBRE DE PERSONA

  • Nombre de persona: Sitges y Grifoll, Juan Blas,
  • Fechas asociadas al nombre: 1842-1919

400 1# - TRAZADO DE VÉASE--NOMBRE DE PERSONA

  • Nombre de persona: Sitges Grifoll, Juan Blas,
  • Fechas asociadas al nombre: 1842-1919

670 ## - FUENTE DE DATOS ENCONTRADOS

  • Cita de la fuente: El Monasterio de Religiosas Benedictinas de San Pelayo el Real de Oviedo, 1913
  • Información encontrada: port. (J.B. Sitges)

670 ## - FUENTE DE DATOS ENCONTRADOS

  • Cita de la fuente: WWW CANTIC, 26-9-2017
  • Información encontrada: (Sitges, Juan B.; Sitges i Grifoll, Joan Blai)

670 ## - FUENTE DE DATOS ENCONTRADOS

  • Cita de la fuente: WWW Nódulo.org, 26-9-2017
  • Información encontrada: (Juan Blas Sitges y Grifoll; Mahón, Menorca 1842 - Arnao, Asturias 1919; ingeniero industrial, historiador, humanista; ejerció altas funciones de economía en su profesión como miembro del Cuerpo Pericial de Aduana)
  • Identificador Uniforme de Recursos: http://www.nodulo.org/ec/2009/n083p19.htm